Esoterní význam hrdiny /

Hlavní autor: Livraga Rizzi, Jorge A., 1930-1991
Jazyk: Čeština
Vydáno: Praha : Nová Akropolis, 2011
Vydání: Vyd. 1.
Edice: Fénix (Nová Akropolis)
Témata:
Fyzický popis: 30 s. : il. ; 15 cm
Knihy
Uloženo v:
LEADER 01188nam a2200385 a 4500
001 nkc20122411291
003 CZ PrNK
005 20130425110043.0
007 ta
008 121016s2011 xr a e 000 0 cze
015 |a cnb002411291 
020 |a 978-80-86038-53-7  |q (brož.) 
035 |a (OCoLC)820694794 
040 |a BOA001  |b cze  |d ABA001 
041 1 |a cze  |h spa 
072 7 |a 17  |x Etika. Morální filozofie  |2 Konspekt  |9 5 
080 |a 179.6  |2 MRF 
080 |a (042.3)  |2 MRF 
100 1 |a Livraga Rizzi, Jorge A.,  |d 1930-1991  |7 jn20011018336  |4 aut 
245 1 0 |a Esoterní význam hrdiny /  |c Jorge A. Livraga 
250 |a Vyd. 1. 
260 |a Praha :  |b Nová Akropolis,  |c 2011 
300 |a 30 s. :  |b il. ;  |c 15 cm 
490 1 |a Fénix ;  |v 26 
500 |a Přeloženo ze španělštiny? 
650 0 7 |a hrdinství  |7 ph168217  |2 czenas 
650 0 9 |a heroism  |2 eczenas 
655 7 |a přednášky  |7 fd133199  |2 czenas 
655 9 |a lectures  |2 eczenas 
830 0 |a Fénix (Nová Akropolis)  |0 s 
910 2 |a BOA001  |b S-1293.296 
990 |a BK 
995 |a 01 
991 |b 201211  |e n 
996 6 |b 2610525801  |c S-1293.296  |l MZK  |r Sklad / do 24 hodin  |n 0  |p p.v.  |w 001292044  |u 000010  |a 1  |e BOA001  |j MZK50  |s P